| 000 | 01260nam a2200241Ia 4500 | ||
|---|---|---|---|
| 003 | OSt | ||
| 005 | 20210413085205.0 | ||
| 008 | 210310s2012 sp gr 000 0dspa d | ||
| 020 | _a9788490312582 | ||
| 040 |
_aCO-JMCR _cCO-JMCR |
||
| 041 | 0 | _aspa | |
| 082 | 0 | 4 |
_a336.200946 / _bF363g _223 |
| 100 | 1 |
_aFernández De Soto Blass, María Luisa, _914894 _eautora |
|
| 245 | 1 | 0 |
_aGuia fiscal : _bteoría, práctica, Fórmulas y esquemas del sistema tributario español / _cMaría Luisa Fernández De Soto Blass |
| 260 |
_aMadrid : _bDykinson, _c2012 |
||
| 300 |
_b949 páginas ; _c24 cm. |
||
| 500 | _aIncluye datos biográficos del autor. | ||
| 504 | _aBibliografía: páginas [939]-940 | ||
| 505 | 0 | _aLey general tributaria y estructura del sistema fiscal español -- Impuesto sobre la renta de las personas físicas -- Impuesto sobre el patrimonio -- Impuesto sobre sociedades -- Impuesto sobre su sucesiones y donaciones -- Impuesto sobre el valor añadido -- Impuesto sobre transmisiones patrimoniales y actos jurídicos documentados -- Impuestos especiales -- Impuesto sobre las ventas minoritarias de determinados hidrocarburos -- Impuestos locales | |
| 650 | 1 | 4 |
_aFiscalidad _914896 _zEspaña |
| 650 | 2 | 4 |
_aImpuestos _zEspaña _936739 |
| 942 |
_2ddc _cBK |
||
| 999 |
_c7597 _d7597 |
||